[Event "RN-2017-0-01248"]
[Site "LSS email"]
[Date "2017.01.23"]
[Round "?"]
[White "Bokros, Csaba"]
[Black "Babos, Istvan"]
[Result "1/2-1/2"]
[WhiteElo "852"]
[BlackElo "743"]
[PlyCount "42"]
[EventDate "2017.01.08"]
[EventType "tourn (corr)"]
[EventRounds "6"]
[EventCountry "GER"]
[SourceTitle "Corr 2022"]
[Source "ChessBase"]
[SourceDate "2021.10.24"]
[SourceVersion "1"]
[SourceVersionDate "2021.10.24"]
[SourceQuality "1"]

1. e4 e6 2. Nf3 d5 3. exd5 exd5 4. d4 Nf6 5. Be2 Be7 6. 0-0 Nc6 7. Bb5 Bd7 8. Bxc6 Bxc6 9. Nc3 0-0 10. Ne5 Bd7 11. Re1 Re8 12. Qd3 Qc8 13. Nxd7 Qxd7 14. Bf4 Nh5 15. Be5 c6 16. h3 f6 17. Bh2 a6 18. a3 Bd6 19. Bxd6 Qxd6 20. g3 g6 21. Na4 Ng7 1/2-1/2

[Event "RN-2016-0-01238"]
[Site "LSS email"]
[Date "2016.12.25"]
[Round "?"]
[White "Bokros, Csaba"]
[Black "Molina, Vicente Andres"]
[Result "1-0"]
[WhiteElo "828"]
[BlackElo "757"]
[PlyCount "29"]
[EventDate "2016.12.18"]
[EventType "tourn (corr)"]
[EventRounds "6"]
[EventCountry "GER"]
[SourceTitle "Corr 2022"]
[Source "ChessBase"]
[SourceDate "2021.10.24"]
[SourceVersion "1"]
[SourceVersionDate "2021.10.24"]
[SourceQuality "1"]

1. d4 d5 2. e3 c5 3. Nf3 Bg4 4. c4 cxd4 5. cxd5 dxe3 6. Bxe3 Nf6 7. Nc3 e6 8. Qa4+ Nfd7 9. Qxg4 exd5 10. Nxd5 Nf6 11. Nxf6+ Qxf6 12. Qc8+ Qd8 13. Bb5+ Nc6 14. Bxc6+ bxc6 15. Qxc6+ 1-0